Wer ist das? (6) - Statistiken

Allgemein
  • Dieses Quiz wurde 110 mal gespielt
  • Das Durchschnittsergebnis liegt bei 10 aus 25
Antwortstatistiken
Bildquiz Antwort % Korrekt
Leon Goretzka
80%
Ursula von der Leyen
77%
Stephen Hawking
74%
Laura
71%
Phineas Flynn
68%
Chucky
65%
Vincent Kompany
65%
Dirk Bach
59%
Mia Khalifa
59%
JD Vance
56%
Vanessa Mai
55%
Paul Walker
53%
Jim Carrey
46%
Nikola Tesla
41%
Evil Jared Hasselhoff
34%
Matthias Mangiapane
27%
Barbra Streisand
16%
Megan Thee Stallion
12%
Thorsten Zirkel
12%
Dani Klieber
11%
Joseph Quinn
8%
Marian Gold
8%
Sabrina Mockenhaupt
7%
Bianca Censori
5%
Chad Kroeger
5%
Keine übereinstimmenden Quizze gefunden
Verteilung der Resultate
Anzahl Personen mit jedem Resultat
Perzentil nach korrekt beantworteten Fragen
Ihre Resultats-Entwicklung
Sie haben dieses Quiz noch nicht gespielt